MDQL
is popping MORE tags! Check the
thread
!
Quizzes
Events
Quiz Creation
Community
Videos
Private Events
Remove Ads
Sign In
Join for FREE
Feedback
Dark Mode
Quiz Categories
Sports
Geography
Music
Movies
Television
Just For Fun
Miscellaneous
History
Literature
Language
Science
Gaming
Entertainment
Religion
Holiday
For Kids
Quiz Lab
Recent
Popular Today
Quiz Kudos Today
Editor Picks
Curator Picks
Quizzes by...
Day
Popularity
Type
Ratings
Length
Year
Community
Subscriptions
Recent Discussions
Orange Saloon
Badges
Playlists
Quests
Create
Leaderboards
Showdown
Live 5
Trivia Bingo
Activity
Puzzle Library
Sporcle Events
Private Events
Virtual Trivia
Globe League
Become a Host
Pub Owners
SporcleCon
Opinionation
Our Games
Videos
Blog
Mobile Apps
Partnerships
Remove Ads and Go Orange
Feedback
Sports
Athletes
MLB
NBA
NHL
NFL
Soccer
Sports Teams
WWE
NCAA
Football
Premier League
Basketball
Baseball
Hockey
Golf
Tennis
Cricket
Rugby
Auto Racing
Olympics
World Cup
Sports
Athletes
MLB
NBA
NHL
NFL
Soccer
Sports Teams
WWE
NCAA
Football
Premier League
Basketball
Baseball
Hockey
Golf
Tennis
Cricket
Rugby
Auto Racing
Olympics
World Cup
Random Quiz
Search Sporcle
×
Quiz Lab
Quiz Lab
Sports
World
Type in answers that appear in a list
Type in answers that appear in a list
Classic
Best Score? Go Orange.
Never Played FIFA World Cup Stats
Can you name national teams that are in either UEFA, OCF, CONCACAF, CAF and AFC but never played FIFA World Cup?
By
Rauy10
7m
135 Questions
145 Plays
145 Plays
145 Plays
Comments
Comments
Give Quiz Kudos
Give Quiz Kudos
-
- Ratings
hide this ad
Random Order
Randomize order of answers
Randomize order of answers
Replay
Link that replays current quiz
Next Quiz
Link to next quiz in quiz playlist
You Got
0%
They Got
Avg Score
65%
Avg Friend Score
Upgrade to see
Score Distribution
Jump to the score distribution portion of the page
Score
0/135
Timer
07:00
0
Plays Today
Hint
Team
% Correct
AFC
India
82.8%
UEFA
Finland
79.3%
AFC
Pakistan
78.6%
CAF
Sudan
76.6%
CONEMBOL
Venezuela
76.6%
CAF
Guinea
76.6%
AFC
Yemen
75.2%
AFC
Vietnam
75.2%
AFC
Afghanistan
75.2%
CAF
Ethiopia
75.2%
UEFA
Estonia
74.5%
CONCACAF
Saint Kitts and Nevis
74.5%
UEFA
Andorra
74.5%
AFC
Oman
73.8%
CAF
Libya
73.8%
CONCACAF
Dominica
73.8%
UEFA
San Marino
73.8%
AFC
Qatar
73.8%
CAF
Kenya
73.1%
CAF
South Sudan
73.1%
CONCACAF
Belize
73.1%
UEFA
Kazakhstan
73.1%
AFC
Syria
72.4%
AFC
Thailand
72.4%
CAF
Lesotho
72.4%
OFC
Tonga
72.4%
UEFA
Luxembourg
72.4%
AFC
Nepal
72.4%
UEFA
Latvia
71.7%
CAF
Niger
71.7%
CAF
Mali
71.7%
CONCACAF
Saint Lucia
71.7%
CONCACAF
Saint Vincent and the Grenadines
71.7%
CONCACAF
Nicaragua
71.7%
CAF
Somalia
71%
CAF
Chad
71%
CONCACAF
Guatemala
71%
CONCACAF
Suriname
71%
UEFA
Belarus
71%
UEFA
Armenia
71%
AFC
Mongolia
70.3%
AFC
Uzbekistan
70.3%
CAF
Gabon
70.3%
CONCACAF
Guyana
70.3%
CONCACAF
Panama
70.3%
Hint
Team
% Correct
CONCACAF
Barbados
70.3%
UEFA
Liechtenstein
70.3%
UEFA
Kosovo
70.3%
OFC
Samoa
70.3%
AFC
Tajikistan
69.7%
AFC
Laos
69.7%
CONCACAF
Dominican Republic
69.7%
UEFA
Macedonia
69.7%
UEFA
Georgia
69.7%
UEFA
Lithuania
69%
AFC
Cambodia
69%
CAF
Tanzania
69%
AFC
Malaysia
68.3%
AFC
Bhutan
68.3%
CAF
Guinea-Bissau
68.3%
OFC
Fiji
68.3%
UEFA
Cyprus
68.3%
AFC
Sri Lanka
67.6%
CAF
Madagascar
67.6%
CAF
Swaziland
67.6%
CAF
Djibouti
67.6%
CONCACAF
Bahamas
67.6%
UEFA
Malta
67.6%
CAF
Zambia
66.9%
CAF
Mozambique
66.9%
CAF
Eritrea
66.9%
CONCACAF
Grenada
66.9%
CAF
Zimbabwe
66.2%
CAF
Burundi
66.2%
OFC
Papua New Guinea
66.2%
UEFA
Iceland
66.2%
CAF
Mauritania
65.5%
AFC
Bangladesh
65.5%
CAF
Benin
65.5%
CAF
Seychelles
65.5%
CONCACAF
Antigua and Barbuda
65.5%
UEFA
Montenegro
64.8%
AFC
Kyrgyzstan
64.8%
AFC
Philippines
64.8%
AFC
Myanmar
64.8%
CAF
Botswana
64.8%
CAF
Uganda
64.8%
CAF
Rwanda
64.8%
CAF
Equatorial Guinea
64.8%
OFC
Vanuatu
64.8%
Hint
Team
% Correct
UEFA
Moldova
64.8%
CAF
Mauritius
64.1%
AFC
Jordan
64.1%
AFC
Lebanon
64.1%
AFC
Turkmenistan
64.1%
CAF
The Gambia
64.1%
CAF
Cabo Verde
64.1%
UEFA
Azerbaijan
64.1%
AFC
Maldives
63.4%
AFC
Bahrain
63.4%
CAF
Burkina Faso
63.4%
CAF
Liberia
62.8%
CAF
Central African Republic
62.8%
CAF
Malawi
62.1%
CAF
Sierra Leone
62.1%
CAF
Namibia
62.1%
AFC
Palestine
61.4%
UEFA
Albania
60.7%
CAF
Sao Tome and Principe
60%
OFC
Solomon Islands
60%
CAF
Republic of the Congo
58.6%
CAF
Comoros
57.9%
AFC
Brunei
57.2%
AFC
Singapore
55.9%
OFC
Tahiti
55.9%
UEFA
Faroe Islands
55.2%
UEFA
Gibraltar
55.2%
AFC
Hong Kong
54.5%
AFC
Timor-Leste
53.8%
AFC
Guam
53.1%
CONCACAF
British Virgin Islands
51.7%
OFC
American Samoa
51%
CONCACAF
Curacao
50.3%
CONCACAF
Bermuda
49.7%
CONCACAF
Aruba
47.6%
CONCACAF
US Virgin Islands
47.6%
CONCACAF
Puerto Rico
46.9%
AFC
Chinese Taipei
43.4%
CONCACAF
Cayman Islands
42.8%
CONCACAF
Montserrat
41.4%
AFC
Macau
40.7%
CONCACAF
Anguilla
37.2%
OFC
Cook Islands
36.6%
CONCACAF
Turks and Caicos Islands
34.5%
OFC
New Caledonia
33.1%
Quiz Playlist
Details
Report
Send in Message
Add To Playlist
Classic:
Type in answers that appear in a list
Random Order:
Randomize order of answers
Last Updated: Sep 11, 2020
Quiz Scoreboard
CHALLENGE
Sign Up to Join the Scoreboard
Show All
Scores
Hide
Comments
May contain spoilers
Recently Published
Street Fighter Characters
by Artimus82
Gaming
60s
9x9 Crossword: Cartoon Network
by jackfrog10
Miscellaneous
3m
College Basketball Coaching Resumes
by pancakes188
Sports
9m
More to Explore
Quiz From the Vault
Featured Blog Post
Where Did the Easter Bunny Come From?
hide this ad
You Might Also Like...
Tags
World Quiz
AFC
Caf
concacaf
cup
Either
FIFA
national
Never
team
UEFA
Today's Top Quizzes in Sports
Browse Sports
hide this ad
Today's Top Quizzes in World
Browse World
Top Contributed Quizzes in Sports
1
2022 World Cup Stars
2
Les meilleurs buteurs des matchs entre le PSG et l’OM
3
FIFA Club World Cup Champions
4
Les entraîneurs de l'OM et du PSG au 21e siècle
5
Criteria MLB: Left Handed Sluggers
6
2023 MLB Unique Player Accomplishments
7
AFC Teams Reveal (Wrong Answers Minefield)
8
Players with Multiple 50 Home Run Seasons
9
5-to-1: FBS Animal Nicknames
10
5-to-1: UK Sports Teams
Explore More
Trending Topics
NBA
Kpop
Anime
Marvel
Disney
Crossword
Harry Potter
Country
Song
Puzzle
Soccer
NFL
WWE
The Office
Pokémon
hide this ad
More By:
Rauy10
Quiz
Plays
Rating
Category
Featured
Created
Gimme Five: Americas Geography
69,414
4.59
Geography
Nov 13, 2016
Famous 50: Sports
65,183
3.94
Sports
Jun 19, 2017
Gimme Five: Asian Geography II
54,911
4.44
Geography
Nov 13, 2016
30 Largest Countries
6,405
4.36
Geography
Oct 14, 2016
Largest World Metros Excluding....
4,781
4.66
Geography
Jul 22, 2017
Go to Creator's Profile
Score Distribution
Quiz Creator Spotlight
Rauy10
Follow
Send a Message
Quizzes Created
-
Created Quiz Play Count
-
More By This Creator
Popular Quizzes Today
1
Find the US States - No Outlines Minefield
2
Find the Countries of Europe - No Outlines Minefield
3
The Countries of the World
4
Find the US States
5
Risky Map Clicking: Biggest States A-Z
6
US States
7
Popular People in 1961
8
Movies - When Are They Set?
More Sports Quizzes
If you could be F1 champ only once ...
Curator's Pick
Trending Quizzes
Risky Map Clicking: Least Populous States A-Z
1-10 Letter G Words
Risky Map Clicking: Next State Alphabetically
Adjectives in 80s TV Shows
The Seven Year Switch: Catherine
Recently Updated
Leaping Animals
pecheneg
Reality TV Shows (A-Z)
bhenderson79
Rickey Henderson's Hall of Fame Teammates
pecheneg
Champions League XIs: Arsenal
pecheneg
Quick Pick: Celebrities in WWE's Hall of Fame
aduchscher
A-Z Keypad Blitz II
pecheneg
Multiple Oscar Actors
pecheneg
Mystery Phrase Blitz: Oscar 'Best Actors'
pecheneg
F. Scott Fitzgerald Novels
LTH
Pick 3 Villains
ddd62291
Trending Topics
Crossword
Marvel
Harry Potter
Anime
Kpop
NBA
Disney
Soccer
NFL
Country
WWE
Pokémon
The Office
Song
Puzzle
Your Account Isn't Verified!
In order to create a playlist on Sporcle, you need to verify the email address you used during registration. Go to your
Sporcle Settings
to finish the process.
Report this User
Report this user for behavior that violates our
Community Guidelines
.
Details:
Send Report
Go to the Sporcle.com Mobile Site →
Comments